000 00373nam a2200169Ia 4500
005 20240823054816.0
008 240823s9999||||xx |||||||||||||| ||und||
041 _aENGLISH
082 _A814 Q2
100 _aSriraman T Ed.
245 0 _aCollege Prose
250 _a1st
260 _c2012
_bMacm
500 _aTRANSFERED
650 _aEnglish
_bEnglish
942 _cBK
999 _c227326
_d227326